000 00516nam a2200181 i 4500
001 84938
003 ES-MaACL
005 20230906175139.0
007 t|
008 041124s1968 sp ||||1| spa d
100 1 _aJoll, James.
_966800
245 1 4 _aLos anarquistas /
_cJames Joll ; [traducción por Rafael Andreu Aznar].
250 _a[1ª ed.].
260 _aBarcelona :
_bGrijalbo,
_c1968.
300 _a283 p., 4 lám. ;
_c20 cm.
700 1 _aAndreu, Rafael.
_921638
852 _aES-MaACL
_jC-50862
_bR.64779
999 _c84938
_d84938